000
00300nam a22001097a 4500
999
_c
59572
_d
59572
005
20230317115307.0
008
230317s2010 fr ||||| |||| 00| 0 fre d
080
_a
32
245
_a
Instrument européen de voisinage et de partenariat
653
_a
ევროკავშირი
942
_2
udc
_c
BK